[Event "Isthmia 2011"]
[Site "Vrachati"]
[Date "2011.08.22"]
[Round "6.14"]
[White "Del Rio De Angelis, Salvador G"]
[Black "Pavlidou, Ekaterini"]
[Result "1-0"]
[WhiteElo "2509"]
[BlackElo "2220"]
[PlyCount "133"]
[EventDate "2011.08.18"]

1. d4 Nf6 2. Nf3 e6 3. e3 b6 4. Bd3 Bb7 5. O-O Be7 6. c4 O-O 7. Nc3 d5 8. Qe2
Nbd7 9. e4 dxe4 10. Nxe4 Nxe4 11. Bxe4 Bxe4 12. Qxe4 Nf6 13. Qe2 c5 14. Bf4
cxd4 15. Rfd1 Bc5 16. Be5 Nd7 17. Bxd4 Qe7 18. Bxc5 bxc5 19. Rd3 Rae8 20. Rad1
Nb6 21. Ne5 f6 22. Nd7 Rf7 23. Nxb6 axb6 24. Rd6 e5 25. Rxb6 Qa7 26. Rb3 f5 27.
Ra3 Qb6 28. Rd5 e4 29. f4 g6 30. Rb3 Qa7 31. a3 Rb8 32. Rxb8+ Qxb8 33. Qd2 Qb6
34. b4 cxb4+ 35. c5 Qe6 36. axb4 e3 37. Rd8+ Kg7 38. Qc3+ Kh6 39. Rd1 Qe4 40.
Re1 Re7 41. g3 Qf3 42. Qb2 e2 43. Qd4 Re4 44. Qf2 Qd3 45. c6 Qc4 46. Qc5 Qxc5+
47. bxc5 Rc4 48. Rxe2 Rxc5 49. Re6 Rc2 50. h3 Kg7 51. Re7+ Kf6 52. Rc7 Ke6 53.
Kf1 Kd6 54. Rxh7 Rxc6 55. Rg7 Kd5 56. Ke2 Ke4 57. Re7+ Kd4 58. Kf2 Rc2+ 59. Re2
Rc6 60. Kg2 Ra6 61. g4 fxg4 62. hxg4 Kd5 63. Kg3 Ra4 64. Re5+ Kd4 65. Kh4 Ra6
66. Kg5 Rb6 67. Re8 1-0

[Event "Isthmia 2011"]
[Site "Vrachati"]
[Date "2011.08.22"]
[Round "6.15"]
[White "Shoker, Samy"]
[Black "Hrisanthopoulos, Dimitrios"]
[Result "1-0"]
[WhiteElo "2475"]
[BlackElo "2076"]
[PlyCount "111"]
[EventDate "2011.08.18"]

1. g3 d5 2. Bg2 e5 3. d3 Nf6 4. Nf3 Nc6 5. O-O Be7 6. c4 O-O 7. cxd5 Nxd5 8. a3
Be6 9. b4 Nb6 10. Bb2 f6 11. Nc3 a5 12. b5 Nd4 13. Nd2 c6 14. bxc6 Nxc6 15. a4
Qd7 16. Nb3 Nb4 17. d4 Nc4 18. Bc1 Bh3 19. dxe5 Qxd1 20. Rxd1 Bxg2 21. Kxg2
Nxe5 22. Nd5 Nxd5 23. Rxd5 b6 24. Bf4 Rfd8 25. Rb5 Nc4 26. Bc7 Rd7 27. Bxb6 Rb7
28. Bxa5 Rab8 29. Nd4 Rxb5 30. axb5 Bc5 31. Ne6 Rxb5 32. Bc3 Bb6 33. Ra4 Ne5
34. e3 Kf7 35. Nf4 Nc6 36. Ra8 Bc7 37. Nd3 Bd6 38. Ra6 Rd5 39. Nb2 Rc5 40. Be1
Rc2 41. Nd3 h5 42. h4 g5 43. hxg5 fxg5 44. Rb6 g4 45. Rb5 h4 46. gxh4 g3 47.
Kf3 gxf2 48. Bxf2 Rd2 49. Ke4 Rc2 50. h5 Ke6 51. h6 Rc4+ 52. Kf3 Ne5+ 53. Nxe5
Bxe5 54. Rxe5+ Kxe5 55. h7 Rc8 56. Be1 1-0

[Event "Isthmia 2011"]
[Site "Vrachati"]
[Date "2011.08.22"]
[Round "6.16"]
[White "Papadimitriou, Athanasios"]
[Black "Nikolaidis, Konstantinos"]
[Result "1/2-1/2"]
[WhiteElo "2184"]
[BlackElo "2274"]
[PlyCount "56"]
[EventDate "2011.08.18"]

1. Nf3 Nf6 2. g3 g6 3. Bg2 Bg7 4. O-O O-O 5. c4 d6 6. d4 Nc6 7. Nc3 a6 8. d5
Na5 9. Nd2 c5 10. Qc2 Rb8 11. b3 b5 12. Bb2 e5 13. dxe6 fxe6 14. cxb5 axb5 15.
Nce4 Nd5 16. Bxg7 Kxg7 17. a3 Kg8 18. Nc3 Ne7 19. b4 cxb4 20. axb4 Nac6 21. Qb2
Ne5 22. Nce4 Nd5 23. Ra7 Rb7 24. Rxb7 Bxb7 25. Bh3 Re8 26. Qd4 Qe7 27. Ra1 Nc6
28. Qd3 Ncxb4 1/2-1/2

[Event "Isthmia 2011"]
[Site "Vrachati"]
[Date "2011.08.22"]
[Round "6.17"]
[White "Filippas, Sebastian"]
[Black "Theodorou, Nikolas"]
[Result "1/2-1/2"]
[WhiteElo "2246"]
[BlackElo "1859"]
[PlyCount "91"]
[EventDate "2011.08.18"]

1. d4 Nf6 2. c4 g6 3. Nc3 Bg7 4. e4 d6 5. Bg5 h6 6. Be3 Ng4 7. Bc1 e5 8. d5 f5
9. Be2 Nf6 10. exf5 Bxf5 11. Be3 O-O 12. g4 Bd7 13. h4 Qc8 14. g5 hxg5 15. hxg5
Ng4 16. Bxg4 Bxg4 17. Nge2 Bf5 18. Qd2 a6 19. Ng3 b5 20. cxb5 axb5 21. Nxb5 Qb7
22. Nc3 Na6 23. Nge4 Nb4 24. Rh4 Ra5 25. Rd1 Nxa2 26. b4 Nxc3 27. Nxc3 Ra3 28.
Qb2 Rfa8 29. Rc4 R3a6 30. b5 Rb8 31. Qb4 Raa8 32. b6 Bf8 33. Nb5 cxb6 34. Rc7
Qa6 35. Qh4 Bg7 36. Nxd6 Ra7 37. Rxa7 Qxa7 38. Nxf5 gxf5 39. d6 Qd7 40. Qc4+
Kf8 41. Qc7 Rb7 42. Qxb7 Qxb7 43. d7 Qh1+ 44. Ke2 Qxd1+ 45. Kxd1 Ke7 46. Bxb6
1/2-1/2

[Event "Isthmia 2011"]
[Site "Vrachati"]
[Date "2011.08.22"]
[Round "6.18"]
[White "Pountzas, Hrisanthos"]
[Black "Mihopoulos, Konstantinos"]
[Result "0-1"]
[WhiteElo "2177"]
[BlackElo "1968"]
[PlyCount "72"]
[EventDate "2011.08.18"]

1. c4 e6 2. Nf3 d5 3. g3 dxc4 4. Qa4+ Nd7 5. Qxc4 a6 6. Bg2 b5 7. Qc2 Bb7 8.
O-O Ngf6 9. d3 c5 10. a4 Rc8 11. axb5 axb5 12. Na3 Qb6 13. Bg5 Nd5 14. Qb3 Nb4
15. Rac1 Bd6 16. Nd2 Bxg2 17. Kxg2 O-O 18. Ne4 Ne5 19. f3 c4 20. dxc4 bxc4 21.
Nxc4 Nxc4 22. Rxc4 Rxc4 23. Qxc4 Nd5 24. Nxd6 Qxd6 25. e4 Nb6 26. Qb3 Rc8 27.
Rd1 Qc5 28. Rc1 Qxg5 29. f4 Qd8 30. Rd1 Qc7 31. Rd2 h6 32. Re2 Qc6 33. Qf3 Rb8
34. h4 Nc4 35. Qc3 Qb5 36. Rc2 Nxb2 0-1

[Event "Isthmia 2011"]
[Site "Vrachati"]
[Date "2011.08.22"]
[Round "6.19"]
[White "Georgiadis, Ioannis"]
[Black "Papakonstantinou, Dimitrios"]
[Result "1-0"]
[WhiteElo "2464"]
[BlackElo "2018"]
[PlyCount "49"]
[EventDate "2011.08.18"]

1. e4 c5 2. Nf3 d6 3. d4 cxd4 4. Nxd4 Nf6 5. Nc3 a6 6. h3 b5 7. g4 Bb7 8. Bg2
h6 9. O-O g5 10. a4 b4 11. Nd5 e6 12. Nxf6+ Qxf6 13. e5 Qe7 14. Nf5 exf5 15.
exd6 Qd7 16. Re1+ Kd8 17. Qd4 Qxd6 18. Qxh8 Bxg2 19. Bxg5+ hxg5 20. Rad1 Bd5
21. Re5 Kc7 22. Rexd5 Qe7 23. Re5 Qd6 24. Rxd6 Bxd6 25. Rxf5 1-0

[Event "Isthmia 2011"]
[Site "Vrachati"]
[Date "2011.08.22"]
[Round "6.20"]
[White "Lommers, Frank"]
[Black "Naoum, Spyridon"]
[Result "1/2-1/2"]
[WhiteElo "2176"]
[BlackElo "1999"]
[PlyCount "66"]
[EventDate "2011.08.18"]

1. g3 g6 2. Bg2 Bg7 3. c4 Nf6 4. Nc3 c6 5. e4 e5 6. Nge2 O-O 7. O-O d6 8. d4
Nbd7 9. h3 Re8 10. Rb1 exd4 11. Nxd4 a5 12. Re1 Qc7 13. a3 Nc5 14. Bf4 Nh5 15.
Be3 a4 16. g4 Nf6 17. Bf4 Nfd7 18. Bg3 Ne5 19. Bf1 Qb6 20. Nc2 Be6 21. Ne3 Nb3
22. Kh1 Qd4 23. Qxd4 Nxd4 24. Red1 Nef3 25. Bxd6 Nb3 26. Rd3 Nfd2 27. Rd1 Bxc3
28. bxc3 Nxe4 29. Kg1 Rad8 30. Be5 Rxd3 31. Bxd3 Ned2 32. Bf6 Bd7 33. Bc2 Bc8
1/2-1/2

[Event "Isthmia 2011"]
[Site "Vrachati"]
[Date "2011.08.22"]
[Round "6.21"]
[White "Zeppos, Panagiotis"]
[Black "Kostouros, Alexandros"]
[Result "1/2-1/2"]
[WhiteElo "1949"]
[BlackElo "2166"]
[PlyCount "51"]
[EventDate "2011.08.18"]

1. d4 d5 2. c4 e6 3. Nc3 Nf6 4. cxd5 exd5 5. Bg5 Be7 6. e3 c6 7. Bd3 O-O 8. Qc2
h6 9. Bh4 Re8 10. Nf3 Ne4 11. Bxe7 Qxe7 12. O-O Bf5 13. Rae1 Nd7 14. Nd2 Nxd2
15. Qxd2 Bxd3 16. Qxd3 Nf6 17. f3 Qb4 18. Re2 Rad8 19. a3 Qb3 20. Qd1 Qxd1 21.
Rxd1 Nd7 22. Kf2 f5 23. Rc1 Re7 24. b3 Rde8 25. Rcc2 g5 26. Nd1 1/2-1/2

[Event "Isthmia 2011"]
[Site "Vrachati"]
[Date "2011.08.22"]
[Round "6.22"]
[White "Spirakopoulos, Ioannis"]
[Black "Tsokopoulos, Dedalos"]
[Result "1-0"]
[WhiteElo "2155"]
[BlackElo "1992"]
[PlyCount "102"]
[EventDate "2011.08.18"]

1. e4 c5 2. Nf3 a6 3. c4 d6 4. d4 Bg4 5. d5 e5 6. Nc3 g6 7. Be2 Bg7 8. O-O Ne7
9. Ng5 Bxe2 10. Qxe2 h6 11. Nh3 O-O 12. f4 exf4 13. Nxf4 Nd7 14. Bd2 Kh7 15.
Nd3 Ne5 16. Nxe5 Bxe5 17. Rf3 Ng8 18. Raf1 Kg7 19. Nd1 Nf6 20. Rh3 h5 21. Bg5
Qe8 22. Ne3 Nxe4 23. Rxh5 Nxg5 24. Nf5+ gxf5 25. Rxg5+ Kf6 26. Rfxf5+ Ke7 27.
Rxe5+ dxe5 28. Rxe5+ Kd6 29. Rxe8 Raxe8 30. Qf3 f5 31. Qf4+ Kd7 32. Qh6 Kc7 33.
Kf2 f4 34. a4 a5 35. Qg7+ Kb6 36. Qd7 Ka7 37. Qc7 Rc8 38. Qxa5+ Kb8 39. Qb6 f3
40. gxf3 Rh8 41. Qd6+ Ka8 42. a5 Rcd8 43. Qxc5 Rxh2+ 44. Kg3 Rxb2 45. Qe7 Rg8+
46. Kf4 Rd2 47. Qc5 Rd3 48. Ke4 Rd1 49. f4 Re1+ 50. Kf5 Ree8 51. a6 b6 1-0

[Event "Isthmia 2011"]
[Site "Vrachati"]
[Date "2011.08.22"]
[Round "6.23"]
[White "Bellos, Ioannis"]
[Black "Kouvatsos, Filippos"]
[Result "0-1"]
[WhiteElo "1944"]
[BlackElo "2152"]
[PlyCount "112"]
[EventDate "2011.08.18"]

1. e4 c6 2. d4 g6 3. Nc3 Bg7 4. f4 d5 5. e5 Nh6 6. Nf3 Bg4 7. Be2 e6 8. O-O Nf5
9. b3 Nd7 10. Na4 Bf8 11. h3 Bxf3 12. Bxf3 b5 13. Nb2 Nxd4 14. Nd3 Nc5 15. Be3
Nxf3+ 16. Rxf3 Ne4 17. Nf2 Nxf2 18. Bxf2 Be7 19. Qe2 Qc7 20. c4 bxc4 21. bxc4
O-O 22. g4 Rfd8 23. f5 dxc4 24. fxe6 fxe6 25. Qxc4 Rd5 26. Rc1 c5 27. Bg3 Rf8
28. Rcf1 Rxf3 29. Rxf3 Bf8 30. Qb5 c4 31. Qe8 Qe7 32. Qxe7 Bxe7 33. Rc3 Rd4 34.
Bf2 Re4 35. Bxa7 Bb4 36. Rc2 c3 37. a3 Ba5 38. Kf2 Rxe5 39. Kf3 Rd5 40. Ke3 e5
41. g5 Kf7 42. Ke2 Ke6 43. Bf2 e4 44. Be3 Rd3 45. Rc1 Kd5 46. Rb1 Kc4 47. Rb8
c2 48. Rc8+ Kb3 49. Bc1 Bc3 50. Rb8+ Ka2 51. h4 Rd1 52. Rc8 Re1+ 53. Kf2 Rxc1
54. Rxc3 Kb2 55. Rc7 Rh1 56. Rb7+ Ka2 0-1

[Event "Isthmia 2011"]
[Site "Vrachati"]
[Date "2011.08.22"]
[Round "6.24"]
[White "Kasparova, Tatiana"]
[Black "Lappas, Konstantinos"]
[Result "1/2-1/2"]
[WhiteElo "2129"]
[BlackElo "1972"]
[PlyCount "57"]
[EventDate "2011.08.18"]

1. e4 c5 2. Nf3 d6 3. d4 cxd4 4. Nxd4 Nf6 5. f3 Nc6 6. c4 e6 7. Nc3 Be7 8. Be3
O-O 9. Nc2 d5 10. cxd5 exd5 11. exd5 Nb4 12. Bc4 Qc7 13. Bb3 Bc5 14. Bxc5 Qxc5
15. Nxb4 Re8+ 16. Ne2 Qxb4+ 17. Qd2 Qxd2+ 18. Kxd2 Nxd5 19. Bxd5 Rd8 20. Nf4
Be6 21. Nxe6 Rxd5+ 22. Ke3 Re8 23. Rad1 Rxe6+ 24. Kf2 Rde5 25. Rd8+ Re8 26.
Rxe8+ Rxe8 27. Rd1 Kf8 28. Rd7 Re7 29. Rd8+ 1/2-1/2

[Event "Isthmia 2011"]
[Site "Vrachati"]
[Date "2011.08.22"]
[Round "6.25"]
[White "Skiadopoulos, Nikolaos"]
[Black "Kelires, Andreas"]
[Result "0-1"]
[WhiteElo "2111"]
[BlackElo "1825"]
[PlyCount "80"]
[EventDate "2011.08.18"]

1. e4 c5 2. c3 d5 3. exd5 Qxd5 4. d4 Nf6 5. Nf3 Bg4 6. Be2 e6 7. Na3 a6 8. Nc2
cxd4 9. cxd4 Nc6 10. O-O Be7 11. Ne3 Qd8 12. Nxg4 Nxg4 13. h3 Nf6 14. Bf4 Nd5
15. Bg3 O-O 16. Rc1 Bd6 17. Ne5 Bxe5 18. dxe5 Qb6 19. Rc2 Nd4 20. Rd2 Nf5 21.
Bh2 Rfd8 22. Qa4 Qb4 23. Qxb4 Nxb4 24. Rfd1 Rxd2 25. Rxd2 Nd5 26. g4 Nfe7 27.
Rc2 Nc6 28. Rc4 Kf8 29. a3 Rd8 30. Kf1 Ke7 31. Bg3 h6 32. Ke1 Nb6 33. Rc1 Nd4
34. Bd1 Rd7 35. f4 Nd5 36. Kf2 f6 37. exf6+ gxf6 38. Rc4 Nb6 39. Rb4 Rd6 40.
Ke3 Nd5+ 0-1

[Event "Isthmia 2011"]
[Site "Vrachati"]
[Date "2011.08.22"]
[Round "6.26"]
[White "Stamos, Filippos"]
[Black "Michelakos, Panagiotis"]
[Result "0-1"]
[WhiteElo "1914"]
[BlackElo "2111"]
[PlyCount "40"]
[EventDate "2011.08.18"]

1. e4 c6 2. d4 g6 3. Nc3 Bg7 4. Nf3 d5 5. h3 dxe4 6. Nxe4 Nd7 7. Bd3 Ngf6 8.
Nxf6+ Nxf6 9. O-O O-O 10. Re1 h6 11. Bf4 Qb6 12. Qd2 Kh7 13. Rxe7 Ng8 14. Rxf7
Rxf7 15. Bxg6+ Kxg6 16. Nh4+ Kh7 17. Qd3+ Bf5 18. Nxf5 Qb5 19. Qxb5 cxb5 20. g4
Bxd4 0-1

[Event "Isthmia 2011"]
[Site "Vrachati"]
[Date "2011.08.22"]
[Round "6.27"]
[White "Xylogiannopoulos, Antonios"]
[Black "Linos, Efstathios"]
[Result "1-0"]
[WhiteElo "2104"]
[BlackElo "1875"]
[PlyCount "81"]
[EventDate "2011.08.18"]

1. e4 e5 2. Nf3 Nc6 3. Bb5 a6 4. Ba4 Nf6 5. d4 exd4 6. O-O Be7 7. e5 Ne4 8.
Nxd4 O-O 9. Nf5 d5 10. exd6 Nxd6 11. Nxe7+ Nxe7 12. Bg5 h6 13. Bf4 b5 14. Bxd6
cxd6 15. Bb3 Be6 16. Nc3 d5 17. Qf3 d4 18. Rad1 Qb6 19. Ne2 Bxb3 20. axb3 Nc6
21. Rd2 Rfd8 22. Rfd1 Rac8 23. Qg4 Qc5 24. h3 Kf8 25. Qe4 Kg8 26. Qh4 Qb6 27.
Ng3 Qc5 28. Qg4 g6 29. h4 h5 30. Qf4 Kg7 31. Ne4 Qd5 32. Ng5 f6 33. Nf3 Qc5 34.
Nxd4 Nxd4 35. Rxd4 Rxd4 36. Rxd4 Rc7 37. Rd6 f5 38. Rxa6 Qxc2 39. Qe5+ Kh7 40.
Ra8 Rc8 41. Ra7+ 1-0

[Event "Isthmia 2011"]
[Site "Vrachati"]
[Date "2011.08.22"]
[Round "6.29"]
[White "Kokolias, Konstantinos"]
[Black "Asimakopoulos, Ioannis"]
[Result "1-0"]
[WhiteElo "2205"]
[BlackElo "1964"]
[PlyCount "165"]
[EventDate "2011.08.18"]

1. e4 e6 2. d4 d5 3. Nd2 c5 4. Ngf3 Nc6 5. exd5 exd5 6. Bb5 Bd6 7. dxc5 Bxc5 8.
O-O Nge7 9. Nb3 Bd6 10. Bd3 Nb4 11. Re1 Nxd3 12. Qxd3 O-O 13. Nbd4 h6 14. Ne5
Bxe5 15. Rxe5 Ng6 16. Re2 Bd7 17. Bd2 Qb6 18. b3 Rfe8 19. Rae1 Rxe2 20. Rxe2
Qd6 21. h3 Nf4 22. Bxf4 Qxf4 23. Qe3 Qxe3 24. Rxe3 Kf8 25. Kf1 Re8 26. Ke2
Rxe3+ 27. Kxe3 Ke7 28. Ne2 Kd6 29. Kd4 a6 30. Nf4 Bc6 31. Nh5 g6 32. Nf6 h5 33.
Nh7 b6 34. Ng5 f6 35. Nf3 Bd7 36. h4 Bg4 37. Ne1 Be6 38. c3 Bf7 39. Nd3 a5 40.
g3 Be6 41. Nf4 Bf7 42. a3 Kc6 43. Nd3 Kd6 44. Nb2 Be8 45. b4 a4 46. Nd3 b5 47.
Nf4 Bf7 48. f3 Kc6 49. g4 Kd6 50. gxh5 gxh5 51. Ne2 Be8 52. Ng3 Bg6 53. Nf1 Bf7
54. Ne3 Be6 55. Nf1 Bf7 56. Ng3 Bg6 57. f4 Kc6 58. f5 Bf7 59. Ne2 Kd6 60. Nf4
Kc6 61. Ne6 Kd6 62. Nf8 Bg8 63. Ng6 Bf7 64. Nf4 Kc6 65. Ne2 Kd6 66. c4 dxc4 67.
Nc3 Be8 68. Nd5 Bd7 69. Nxf6 Bxf5 70. Nxh5 Bd7 71. Ng3 Ke6 72. Ne4 Kf5 73. Nc5
Be8 74. Nxa4 bxa4 75. Kxc4 Kg4 76. b5 Kxh4 77. Kb4 Kg5 78. Kxa4 Kf5 79. Ka5 Ke6
80. b6 Kd7 81. Ka6 Kc8 82. Ka7 Bc6 83. a4 1-0

[Event "Isthmia 2011"]
[Site "Vrachati"]
[Date "2011.08.23"]
[Round "7.1"]
[White "Volkov, Sergey"]
[Black "Svetushkin, Dmitry"]
[Result "1/2-1/2"]
[WhiteElo "2607"]
[BlackElo "2576"]
[PlyCount "123"]
[EventDate "2011.08.18"]

1. d4 Nf6 2. c4 e6 3. Nc3 Bb4 4. f3 Nc6 5. e4 d5 6. cxd5 exd5 7. e5 Ng8 8. f4
Nh6 9. Nf3 Bg4 10. Be3 Nf5 11. Bf2 Bxf3 12. gxf3 Qd7 13. Qd3 Nfe7 14. O-O-O
Bxc3 15. Qxc3 O-O-O 16. h4 h5 17. Rd2 Kb8 18. Rc2 Qe6 19. Bb5 Rh6 20. Rg1 Rg6
21. Rg5 Rxg5 22. fxg5 Rc8 23. a3 Nd8 24. Qe3 Qh3 25. Kb1 Nf5 26. Qb3 c6 27. Be2
Qg2 28. Ba6 Nxh4 29. Bxh4 Qh1+ 30. Ka2 Qxh4 31. g6 fxg6 32. Qb4 Rc7 33. Bd3 Qe7
34. Bxg6 Qxb4 35. axb4 Ne6 36. Rh2 Nxd4 37. f4 Ne6 38. Rh4 Re7 39. Kb1 Nf8 40.
Bxh5 g6 41. Bg4 Rh7 42. Rxh7 Nxh7 43. f5 gxf5 44. Bxf5 Ng5 45. e6 Nxe6 46. Bxe6
Kc7 47. Kc2 Kb6 48. Kb3 a5 49. Bg4 axb4 50. Kxb4 c5+ 51. Ka4 Kc6 52. Be2 c4 53.
Kb4 Kd6 54. Bf3 Ke5 55. Kc5 b6+ 56. Kb4 Kd4 57. Bg2 Kd3 58. Bxd5 Kc2 59. Ka3 b5
60. Ka2 c3 61. Be4+ Kd2 62. bxc3 1/2-1/2

[Event "Isthmia 2011"]
[Site "Vrachati"]
[Date "2011.08.23"]
[Round "7.2"]
[White "Rozentalis, Eduardas"]
[Black "Tiviakov, Sergei"]
[Result "0-1"]
[WhiteElo "2571"]
[BlackElo "2623"]
[PlyCount "104"]
[EventDate "2011.08.18"]

1. e4 c5 2. Nf3 d6 3. Bb5+ Nd7 4. O-O Ngf6 5. e5 dxe5 6. Nxe5 a6 7. Bxd7+ Nxd7
8. Qe2 Nxe5 9. Qxe5 Qd4 10. Re1 e6 11. Nc3 Bd7 12. d3 Qxe5 13. Rxe5 f6 14. Re2
Kf7 15. a4 b6 16. Ne4 Rc8 17. Nd2 Be7 18. Nc4 Rc6 19. a5 b5 20. Nb6 Rd8 21. f4
c4 22. dxc4 bxc4 23. c3 Rd6 24. Be3 Bb5 25. Rae1 Rd1 26. Kf2 Rxe1 27. Rxe1 e5
28. fxe5 fxe5 29. Ke2 Ke6 30. Rf1 h5 31. h4 Bxh4 32. Rh1 g5 33. g3 Bxg3 34.
Bxg5 Rf8 35. Rxh5 Rf2+ 36. Kd1 Rxb2 37. Rh3 Rg2 38. Bd2 Kf5 39. Nd5 Ke4 40.
Nf6+ Kf5 41. Nd5 Kg4 42. Rh1 Bf2 43. Be3 Bc6 44. Bxf2 Rxf2 45. Rg1+ Kf3 46. Nb4
Ba4+ 47. Kc1 e4 48. Nxa6 e3 49. Nc5 e2 50. Re1 Ke3 51. Rxe2+ Rxe2 52. Nxa4 Kd3
0-1

[Event "Isthmia 2011"]
[Site "Vrachati"]
[Date "2011.08.23"]
[Round "7.4"]
[White "Solak, Dragan"]
[Black "Kapnisis, Spyridon"]
[Result "1-0"]
[WhiteElo "2598"]
[BlackElo "2529"]
[PlyCount "103"]
[EventDate "2011.08.18"]

1. e4 e5 2. Nf3 Nc6 3. Bb5 a6 4. Bxc6 dxc6 5. O-O Bg4 6. h3 Bh5 7. g4 Bg6 8.
Nxe5 Qh4 9. Qf3 f6 10. Nxg6 hxg6 11. Kg2 g5 12. d3 Ne7 13. Rh1 O-O-O 14. Nd2
Kb8 15. Qe3 Ng6 16. Nf3 Qh7 17. Qe1 c5 18. Qc3 Qg8 19. Qb3 c4 20. Qxc4 Qxc4 21.
dxc4 Re8 22. e5 Nxe5 23. Re1 Bd6 24. Nxe5 Bxe5 25. c3 Kc8 26. Be3 Bd6 27. c5
Be5 28. Bd4 Bf4 29. Rxe8+ Rxe8 30. Kf3 Rh8 31. Rh1 Rh4 32. Ke4 Kd7 33. Kf5 Ke7
34. b4 Kf7 35. Ke4 Ke6 36. a4 g6 37. f3 c6 38. Kd3 f5 39. Kc4 Kd7 40. Bf6 Ke6
41. Bd4 Kd7 42. b5 axb5+ 43. axb5 cxb5+ 44. Kxb5 Kc7 45. c4 Rh7 46. Bc3 Re7 47.
Ba5+ Kc8 48. Re1 Be3 49. Rd1 Rd7 50. Rd5 fxg4 51. fxg4 Bf4 52. c6 1-0

[Event "Isthmia 2011"]
[Site "Vrachati"]
[Date "2011.08.23"]
[Round "7.5"]
[White "Burmakin, Vladimir"]
[Black "Banikas, Hristos"]
[Result "1/2-1/2"]
[WhiteElo "2579"]
[BlackElo "2593"]
[PlyCount "30"]
[EventDate "2011.08.18"]

1. d4 Nf6 2. Nf3 g6 3. Bf4 Bg7 4. e3 d6 5. c3 O-O 6. Be2 b6 7. h3 Bb7 8. O-O
Nbd7 9. Bh2 Qe8 10. a4 a6 11. c4 a5 12. Nc3 Ne4 13. Nb5 Rc8 14. Qc2 e5 15. Rae1
Qe7 1/2-1/2

[Event "Isthmia 2011"]
[Site "Vrachati"]
[Date "2011.08.23"]
[Round "7.6"]
[White "Kotronias, Vasilios"]
[Black "Mastrovasilis, Athanasios"]
[Result "0-1"]
[WhiteElo "2588"]
[BlackElo "2537"]
[PlyCount "66"]
[EventDate "2011.08.18"]

1. e4 e5 2. Nf3 Nc6 3. Bb5 Nf6 4. d3 Bc5 5. Nbd2 Nd4 6. Nxd4 Bxd4 7. Nf3 O-O 8.
O-O d5 9. exd5 Qxd5 10. Bc4 Qd6 11. Qe1 Re8 12. Ng5 Re7 13. Kh1 h6 14. Nxf7
Rxf7 15. c3 Bb6 16. f4 Nd5 17. fxe5 Rxf1+ 18. Qxf1 Qxe5 19. Bf4 Qh5 20. Re1 c6
21. Re7 Bd8 22. Re5 Qf7 23. Qe1 Kf8 24. Be3 Bd7 25. Bc5+ Kg8 26. Qe4 Kh8 27. d4
Bc7 28. Bd3 Nf6 29. Qf3 Re8 30. Rxe8+ Qxe8 31. Bxa7 b6 32. b4 Bg4 33. Qf1 Qa8
0-1

[Event "Isthmia 2011"]
[Site "Vrachati"]
[Date "2011.08.23"]
[Round "7.7"]
[White "Atalik, Suat"]
[Black "Jojua, Davit"]
[Result "1-0"]
[WhiteElo "2619"]
[BlackElo "2505"]
[PlyCount "65"]
[EventDate "2011.08.18"]

1. d4 d5 2. c4 e6 3. Nc3 Be7 4. Bf4 Nf6 5. e3 c5 6. dxc5 Bxc5 7. Nf3 Nc6 8. a3
O-O 9. Qc2 Qa5 10. Rd1 Be7 11. Be2 dxc4 12. Bxc4 Nh5 13. O-O Nxf4 14. exf4 g6
15. g3 a6 16. Rfe1 Rd8 17. Rxd8+ Qxd8 18. h4 b5 19. Bf1 Bb7 20. Bg2 Rc8 21. Qe2
Rc7 22. h5 Nd4 23. Nxd4 Qxd4 24. Bxb7 Rxb7 25. Qf3 Rb8 26. Rd1 Qc5 27. h6 f5
28. b4 Qc7 29. Nd5 exd5 30. Qxd5+ Kf8 31. Qd4 Qc4 32. Qg7+ Ke8 33. Qh8+ 1-0

[Event "Isthmia 2011"]
[Site "Vrachati"]
[Date "2011.08.23"]
[Round "7.8"]
[White "Skembris, Spyridon"]
[Black "Peralta, Fernando"]
[Result "1/2-1/2"]
[WhiteElo "2475"]
[BlackElo "2601"]
[PlyCount "38"]
[EventDate "2011.08.18"]

1. d4 d5 2. c4 e6 3. Nf3 Nf6 4. Nc3 Bb4 5. cxd5 exd5 6. Bg5 Nbd7 7. Rc1 c6 8.
e3 Qa5 9. Qb3 Ne4 10. Bf4 c5 11. a3 Bxc3+ 12. bxc3 O-O 13. Be2 Nb6 14. dxc5
Qxc5 15. Qb4 Bd7 16. Nd2 Qc6 17. Nxe4 dxe4 18. O-O Nd5 19. Qxe4 Nxc3 1/2-1/2

[Event "Isthmia 2011"]
[Site "Vrachati"]
[Date "2011.08.23"]
[Round "7.9"]
[White "Nikolaidis, Ioannis"]
[Black "Valden, Petros"]
[Result "1-0"]
[WhiteElo "2545"]
[BlackElo "2201"]
[PlyCount "109"]
[EventDate "2011.08.18"]

1. c4 c5 2. Nc3 Nc6 3. Nf3 Nf6 4. e3 e6 5. d4 d5 6. a3 a6 7. dxc5 Bxc5 8. b4
Ba7 9. Bb2 O-O 10. Qc2 Qe7 11. Rc1 d4 12. exd4 Nxd4 13. Nxd4 Bxd4 14. Be2 e5
15. Na4 Bxb2 16. Qxb2 Bf5 17. O-O Rad8 18. Rfd1 e4 19. Qc3 Bg4 20. Rxd8 Rxd8
21. Bf1 Qd6 22. h3 Bc8 23. Nb2 h6 24. Rd1 Qc7 25. Qg3 Qe7 26. Rxd8+ Qxd8 27.
Qb8 Nd7 28. Qd6 Qf6 29. Qc7 Qc6 30. Qd8+ Nf8 31. c5 Qd7 32. Qxd7 Bxd7 33. Nc4
Ne6 34. Nd6 Bc6 35. Bc4 Nd8 36. Bb3 Kf8 37. Bc2 Ke7 38. Nxe4 Ne6 39. f3 Nd4 40.
Bd3 a5 41. Kf2 axb4 42. axb4 Ke6 43. Nc3 Ke5 44. Ke3 g5 45. b5 Bd7 46. Be4 Bc8
47. g3 Nf5+ 48. Bxf5 Bxf5 49. f4+ Kf6 50. h4 Bd7 51. Ne4+ Kf5 52. fxg5 hxg5 53.
h5 g4 54. c6 bxc6 55. b6 1-0

[Event "Isthmia 2011"]
[Site "Vrachati"]
[Date "2011.08.23"]
[Round "7.10"]
[White "Shoker, Samy"]
[Black "Sethuraman, S P."]
[Result "1-0"]
[WhiteElo "2475"]
[BlackElo "2529"]
[PlyCount "93"]
[EventDate "2011.08.18"]

1. g3 d5 2. Bg2 Nf6 3. Nf3 c6 4. O-O Bg4 5. c4 e6 6. cxd5 exd5 7. d3 Bc5 8. Qb3
Qb6 9. Qc2 Nbd7 10. Nc3 Bd6 11. e4 O-O 12. Be3 Qa5 13. Nd2 dxe4 14. h3 Be6 15.
dxe4 Qh5 16. Qd1 Bc5 17. Qxh5 Nxh5 18. Rfe1 Rad8 19. e5 Bxe3 20. Rxe3 g6 21.
Nb3 Ng7 22. Na5 Nf5 23. Ree1 Nc5 24. b4 Nd3 25. Re4 Rd7 26. a3 Rc8 27. Rd1 c5
28. b5 c4 29. Re2 Nd4 30. Red2 Rcc7 31. Be4 Bxh3 32. Nd5 Bf5 33. Nf6+ Kh8 34.
Bxf5 Nf3+ 35. Kf1 Rd4 36. Rxd3 cxd3 37. Rxd3 Rc1+ 38. Ke2 gxf5 39. Rxf3 Rc2+
40. Kf1 Rd1+ 41. Kg2 Rc5 42. Rxf5 Rxb5 43. Rg5 Rd8 44. Nc4 h6 45. Rg4 Rf8 46.
Nd6 Rxe5 47. Nxf7+ 1-0

[Event "Isthmia 2011"]
[Site "Vrachati"]
[Date "2011.08.23"]
[Round "7.11"]
[White "Mihopoulos, Konstantinos"]
[Black "Del Rio De Angelis, Salvador G"]
[Result "0-1"]
[WhiteElo "1968"]
[BlackElo "2509"]
[PlyCount "92"]
[EventDate "2011.08.18"]

1. e4 e6 2. d4 d5 3. Nc3 Nf6 4. Bg5 dxe4 5. Nxe4 Nbd7 6. Nf3 h6 7. Bxf6 Nxf6 8.
Bd3 Be7 9. O-O O-O 10. Nxf6+ Bxf6 11. Qe2 c5 12. Qe4 g6 13. c3 cxd4 14. cxd4
Qb6 15. h4 h5 16. Rad1 Rd8 17. Bb1 Bd7 18. Ne5 Be8 19. b3 Rd5 20. Nc4 Qd8 21.
Ne3 Rxd4 22. Qxb7 e5 23. Rxd4 exd4 24. Nd5 Bxh4 25. Nc7 Rb8 26. Qxa7 Bc6 27.
Bxg6 Rb7 28. Qc5 Rxc7 29. Bxh5 Bxg2 30. Bxf7+ Rxf7 31. Kxg2 Rg7+ 32. Kh1 Bxf2
33. Qc4+ Kh8 34. Rxf2 Qa8+ 35. Kh2 Qb8+ 36. Kh1 Qb7+ 37. Kh2 Rh7+ 38. Kg3 Qg7+
39. Kf3 Rh3+ 40. Ke2 d3+ 41. Qxd3 Qe5+ 42. Kd2 Qb2+ 43. Qc2 Qd4+ 44. Ke2 Qe3+
45. Kf1 Rh1+ 46. Kg2 Qh3# 0-1

[Event "Isthmia 2011"]
[Site "Vrachati"]
[Date "2011.08.23"]
[Round "7.12"]
[White "Kasparov, Sergey"]
[Black "Javakhishvili, Lela"]
[Result "0-1"]
[WhiteElo "2503"]
[BlackElo "2469"]
[PlyCount "134"]
[EventDate "2011.08.18"]

1. e4 c5 2. Nf3 e6 3. d4 cxd4 4. Nxd4 Nc6 5. Nb5 d6 6. c4 a6 7. N5c3 Nf6 8. Be2
Be7 9. Be3 O-O 10. O-O b6 11. Nd2 Bb7 12. Qb3 Nd7 13. Qc2 Bf6 14. Nb3 Nc5 15.
Rfd1 Qc7 16. f3 Be5 17. f4 Bxc3 18. bxc3 f5 19. Nxc5 bxc5 20. exf5 Rae8 21. Bh5
Re7 22. fxe6 Rxe6 23. Re1 Na5 24. Bd2 Rxe1+ 25. Rxe1 Nxc4 26. Bc1 Bd5 27. Be2
Qf7 28. Bd3 h6 29. Qe2 a5 30. Bc2 Nb6 31. h3 Bxa2 32. Qd3 Rd8 33. Qb5 Rb8 34.
Qc6 Qd7 35. Qe4 Kf8 36. Rd1 Re8 37. Qg6 Bf7 38. Qg3 Bh5 39. Rf1 Be2 40. Rf2 Bc4
41. Kh2 Re1 42. Bd2 Re2 43. f5 Rxf2 44. Qxf2 a4 45. Bc1 Nd5 46. Qg3 Nf6 47. Qh4
Bb3 48. Bxh6 Kg8 49. Bb1 a3 50. Bg5 Qe7 51. Qf2 Ng4+ 52. hxg4 Qxg5 53. Qe2 Qf4+
54. g3 Qe5 55. Qa6 c4 56. Qc8+ Kf7 57. Qb7+ Kf6 58. Qa8 Kg5 59. Kh3 Bd1 60.
Qd8+ Qf6 61. Qa5 Bf3 62. Kh2 Qh6+ 63. Kg1 Qh1+ 64. Kf2 Qg2+ 65. Ke3 Qe2+ 66.
Kd4 Qd2+ 67. Kxc4 Be2+ 0-1